000 004440000a22001810004500
003 MACL
005 20160123134359.0
008 160123b xxu||||| |||| 00| 0 eng d
040 _aMACL
_cMACL
041 _aEnglish
082 _a570/PAL
100 _aPal, Dr s
_934300
245 _aObjective Biology
260 _bJai Prakash Nath Publication
_c1999
_aMeerut
350 _a350
650 _aLife Science
_934301
942 _cBK
_k570/Kum
_2ddc
999 _c32801
_d32801